[Event "SVK-ch U20"]
[Site "Prievidza"]
[Date "2014.04.27"]
[Round "3"]
[White "Kovac, Andrej"]
[Black "Nayhebaver, Martin"]
[Result "1-0"]
[WhiteElo "2156"]
[BlackElo "2309"]
[PlyCount "103"]
[EventDate "2014.04.25"]
[EventType "tourn"]
[EventRounds "10"]
[EventCountry "SVK"]
[SourceTitle "CBM 160 Extra"]
[Source "ChessBase"]
[SourceDate "2014.07.01"]
[SourceVersion "1"]
[SourceVersionDate "2014.07.01"]
[SourceQuality "1"]

1. d4 Nf6 2. c4 e6 3. Nc3 Bb4 4. e3 0-0 5. Bd3 c5 6. Nge2 d5 7. cxd5 exd5 8. a3 Bxc3+ 9. bxc3 c4 10. Bc2 Re8 11. f3 Nc6 12. 0-0 b5 13. Qe1 a5 14. Qh4 Ne7 15. e4 Ng6 16. Qf2 dxe4 17. fxe4 Qc7 18. Ng3 Bb7 19. e5 Nd5 20. Nf5 Ra6 21. Nd6 Rxd6 22. exd6 Qd7 23. Bd2 Rf8 24. Qg3 f5 25. Qh3 Bc8 26. Rab1 Qc6 27. Bxf5 Rxf5 28. Rxf5 Ndf4 29. Bxf4 Nxf4 30. Qf3 Qxf3 31. gxf3 Bxf5 32. Rxb5 g6 33. Rxa5 Kf8 34. Ra8+ Kf7 35. Ra7+ Ke6 36. Rc7 Bd3 37. d7 Ke7 38. a4 Nd5 39. Rc5 Nxc3 40. a5 Ne2+ 41. Kf2 Nxd4 42. d8Q+ Kxd8 43. Rd5+ Kc7 44. Rxd4 Kc6 45. Ke3 Bf1 46. Rd1 Bh3 47. Rb1 Bf5 48. Rb6+ Kc5 49. Kd2 Bd7 50. Kc3 Bb5 51. Rf6 Bc6 52. Rxc6+ 1-0

[Event "SVK-chT2A 1314"]
[Site "Slovakia"]
[Date "2014.02.23"]
[Round "9.2"]
[White "Kovac, Andrej"]
[Black "Veselsky, Jozef"]
[Result "1/2-1/2"]
[WhiteElo "2171"]
[BlackElo "2160"]
[PlyCount "134"]
[EventDate "2013.10.19"]
[EventType "team-tourn"]
[EventRounds "11"]
[EventCountry "SVK"]
[SourceTitle "EXT 2015"]
[Source "ChessBase"]
[SourceDate "2014.11.20"]
[SourceVersion "1"]
[SourceVersionDate "2014.11.20"]
[SourceQuality "1"]
[WhiteTeam "Bratislava KSN"]
[BlackTeam "Potonska Veza"]
[WhiteTeamCountry "SVK"]
[BlackTeamCountry "SVK"]

1. Nf3 c5 2. e3 d5 3. b3 Nf6 4. Bb2 e6 5. Ne5 Nfd7 6. Bb5 a6 7. Qf3 Qe7 8. Bxd7+ Nxd7 9. Nxd7 Bxd7 10. Qg3 Bc6 11. d4 h5 12. h4 Rh6 13. Nd2 Rg6 14. Qh3 cxd4 15. exd4 Qf6 16. Nf3 Bb4+ 17. c3 Bd6 18. 0-0 Rg4 19. Rfe1 0-0-0 20. Bc1 Bf4 21. Ng5 Bd7 22. Bxf4 Qxf4 23. g3 Re8 24. Qg2 Qf5 25. f3 Rxg5 26. hxg5 Qxg5 27. a4 Rh8 28. Re5 Qg6 29. b4 Rh6 30. Re3 h4 31. f4 Qf5 32. Qf2 Qh7 33. g4 Rg6 34. g5 f6 35. Kh2 fxg5 36. fxg5 Qg8 37. Rf3 Qd8 38. Rf8 Be8 39. Qf4 Kd7 40. Rg1 Qe7 41. b5 e5 42. dxe5 Re6 43. bxa6 bxa6 44. Re1 Rb6 45. c4 Rb2+ 46. Kh1 Qe6 47. Qf5 Qxf5 48. Rxf5 dxc4 49. e6+ Ke7 50. Rc5 Rc2 51. Rc7+ Kd6 52. Rxg7 Bc6+ 53. Kg1 h3 54. Rh7 Rg2+ 55. Kf1 h2 56. e7 Rg1+ 57. Kf2 Rg2+ 58. Kf1 Rg1+ 59. Ke2 Rxg5 60. Rd1+ Kc5 61. Rh1 Bxh1 62. Rh5 Rxh5 63. e8Q Bd5 64. Qe7+ Kb6 65. Qd8+ Ka7 66. Qd7+ Bb7 67. Qd4+ Ka8 1/2-1/2